Vista normal
Vista MARC
Entrada Personal Name
Número de registros utilizados en: 1
001 - CONTROL NUMBER
- control field: 44186
003 - CONTROL NUMBER IDENTIFIER
- control field: OSt
005 - DATE AND TIME OF LATEST TRANSACTION
- control field: 20250620100612.0
008 - FIXED-LENGTH DATA ELEMENTS
- fixed length control field: 250620|| aca||aabn | a|a d
040 ## - CATALOGING SOURCE
- Original cataloging agency: OSt
- Transcribing agency: OSt
100 ## - HEADING--PERSONAL NAME
- Personal name: Cardona Angarita, Mayor Jorge Mauricio
670 ## - SOURCE DATA FOUND
- Source citation: Work cat.: (OSt)31019: Cardona Angarita, Mayor Jorge Mauricio, autor, Normas y Prácticas en los oficiales durante el conflicto armado interno colombiano (1995-1998) :